000 00423nam a2200169Ia 4500
001 12198
003 IN-NITTTR
005 20251114233114.0
008 251113s9999||||xx |||||||||||||| ||eng||
040 _beng
040 _cIN-NITTTR
041 _aeng
082 _a519.2 F336I
100 _aFeller, William
245 3 _aAn introduction to probability theory and its applications. /
_cFeller, William
942 _2ddc
_cBK
999 _c14834
_d14834